LEADER 02628nam 2200625 450 001 9910480979703321 005 20170816143339.0 010 $a1-4704-0232-7 035 $a(CKB)3360000000464827 035 $a(EBL)3114539 035 $a(SSID)ssj0000973921 035 $a(PQKBManifestationID)11578173 035 $a(PQKBTitleCode)TC0000973921 035 $a(PQKBWorkID)10984657 035 $a(PQKB)10890791 035 $a(MiAaPQ)EBC3114539 035 $a(PPN)195415272 035 $a(EXLCZ)993360000000464827 100 $a19980521h19981998 uy| 0 101 0 $aeng 135 $aur|n|---||||| 181 $ctxt 182 $cc 183 $acr 200 10$aSpectral asymptotics on degenerating hyperbolic 3-manifolds /$fJo?zef Dodziuk, Jay Jorgenson 210 1$aProvidence, Rhode Island :$cAmerican Mathematical Society,$d[1998] 210 4$dİ1998 215 $a1 online resource (90 p.) 225 1 $aMemoirs of the American Mathematical Society,$x0065-9266 ;$vnumber 643 300 $a"September 1998, volume 135, number 643 (third of 5 numbers)." 311 $a0-8218-0837-0 320 $aIncludes bibliographical references (pages 73-75). 327 $a""Contents""; ""Introduction""; ""A?1- Review of hyperbolic geometry""; ""A?2. Convergence of heat kernels""; ""A?3. Infinite cylinder estimates""; ""A?4. Heat kernels and regularized heat traces""; ""A?5. Degenerating heat traces""; ""A?6. Poisson kernel estimates""; ""A?7. Analysis of trace integrals""; ""A?8. Convergence of regularized heat traces""; ""A?9. Long time asymptotics""; ""A?10. Spectral zeta functions""; ""A?11- Selberg zeta functions""; ""A?12. Hurwitz- type zeta functions""; ""A?13. Asymptotics of spectral measures""; ""A?14. Eigenvalue counting problems"" 327 $a""A?15. Convergence of spectral projections""""Bibliography"" 410 0$aMemoirs of the American Mathematical Society ;$vno. 643. 606 $aGeometry, Hyperbolic 606 $aHyperbolic spaces 606 $aSpectral theory (Mathematics) 606 $aAsymptotic expansions 608 $aElectronic books. 615 0$aGeometry, Hyperbolic. 615 0$aHyperbolic spaces. 615 0$aSpectral theory (Mathematics) 615 0$aAsymptotic expansions. 676 $a510 s 676 $a516.9 700 $aDodziuk$b Jo?zef$f1947-$0902307 702 $aJorgenson$b Jay 801 0$bMiAaPQ 801 1$bMiAaPQ 801 2$bMiAaPQ 906 $aBOOK 912 $a9910480979703321 996 $aSpectral asymptotics on degenerating hyperbolic 3-manifolds$92016953 997 $aUNINA LEADER 02367nam 2200529Ia 450 001 996409015303316 005 20220121190855.0 024 8 $aocn951968362 035 $a(CKB)4940000000597922 035 $a(OCoLC)951968362 035 $a(OCoLC)ocn951968362 035 $a(OCoLC)9930369700971 035 $a(EXLCZ)994940000000597922 100 $a20160621d1690 uy | 101 0 $aeng 135 $aurbn#|||a|bb| 200 10$aAnno XVI. Caroli II. Regis. An act to prevent disturbances of seamen and others$b[electronic resource] $eand to preserve the stores belonging to His Majesties Navy Royal 210 $a[London $cs.n.$d1690?] 215 $a[2], 10, [2], 11-22, [2], 23-45, [3], 47-64, 21, [2] p 300 $aEach act has a separate t.p. 300 $aPlace and date of publication suggested by Wing (2nd ed., 1994). 300 $aReproduction of original in: British Library. 517 3 $aAct to prevent disturbances of seamen and others 517 1 $aAnno XXII, XXIII. Caroli II. Regis. An act to revive and act, intituled, An act to prevent the disturbance of seamen and others 517 3 $aAct to revive and act, intituled, An act to prevent the disturbance of seamen and others 517 1 $aAnno XIV. Caroli II. Regis. An act for providing carriage by land, and by water, for the use of His Majesties Navy and ordnance 517 3 $aAct for providing carriage by land, and by water, for the use of His Majesties Navy and ordnance 606 $aCommerce$vEarly works to 1800 606 $aMerchants$zEngland$vEarly works to 1800 606 $aPirates$vEarly works to 1800 606 $aMerchant marine$zGreat Britain$vEarly works to 1800 607 $aGreat Britain$xHistory$yCharles II, 1660-1685 607 $aGreat Britain$xPolitics and government$vEarly works to 1800 607 $aGreat Britain$xKings and rulers$xLaw and legislation$vEarly works to 1800 608 $aLaws.$2rbgenr 610 6$aOrdinances, edicts, proclamations 615 0$aCommerce 615 0$aMerchants 615 0$aPirates 615 0$aMerchant marine 701 $aCharles$cKing of England,$f1630-1685.$0793293 801 0$bUMI 801 1$bUMI 906 $aBOOK 912 $a996409015303316 996 $aAnno XVI. Caroli II. Regis. An act to prevent disturbances of seamen and others$92566485 997 $aUNISA